Cómo afrontar los conflictos en un contexto escolar de diversidad (Record no. 658240)

000 -CABECERA
Campo de control de longitud fija 00545nab a2200157Ia 4500
003 - IDENTIFICADOR DEL NÚMERO DE CONTROL
Campo de control ES-SlBCS
005 - FECHA Y HORA DE LA ÚLTIMA TRANSACCIÓN
Campo de control 20210601141302.0
008 - CÓDIGOS DE INFORMACIÓN DE LONGITUD FIJA
Campo de control de longitud fija 140529s2003 xxu||||| |||| 00| 0 spa d
041 ## - CÓDIGO DE LENGUA
Código de lengua del texto/banda sonora o título independiente spa
100 1# - PUNTO DE ACCESO PRINCIPAL-NOMBRE DE PERSONA
Nombre de persona Martín Gómez, Isabel
9 (RLIN) 254223
245 00 - MENCIÓN DE TÍTULO
Título Cómo afrontar los conflictos en un contexto escolar de diversidad
Mención de responsabilidad, etc. Isabel Martín Gómez, Jesús Perdices Madrid
650 04 - PUNTO DE ACCESO ADICIONAL DE MATERIA-TÉRMINO DE MATERIA
Término de materia o nombre geográfico como elemento inicial Conflictos Escolares
9 (RLIN) 209210
700 1# - PUNTO DE ACCESO ADICIONAL-NOMBRE DE PERSONA
Nombre de persona Perdices Madrid, Jesús
9 (RLIN) 254224
773 0# - ENLACE AL DOCUMENTO FUENTE
Título Educación y Futuro
Parte(s) relacionada(s) nº. 8, 2003, págs. 195-202
Número de control del registro relacionado Rev1173
942 ## - ENTRADA DE ELEMENTOS AGREGADOS (KOHA)
Koha [por defecto] tipo de item Artículos de revista
Holdings
Suprimido Perdido Estropeado No para préstamo Localización permanente Localización actual Localización en estantería Fecha adquisición Préstamos totales Fecha última consulta Fecha del precio de reemplazo Tipo de item de Koha
        San Esteban San Esteban Depósito de revistas 11/07/2014   11/07/2014 11/07/2014 Artículos de revista

Bibliotecas Dominicos Provincia Hispania, 2016

Con tecnología Koha